Представление документа в формате MARC21

Поле Инд. ПП Название Значение
Тип записи a
Библиографический уровень b
001 Контрольный номер RU/IS/BASE/267629907
005 Дата корректировки 20200630193227.2
008 Кодируемые данные 20080624
040 b Код языка каталог. rus
e Правила каталог. PSBO
041 0_ a Код языка текста rus
084 a Индекс другой классификации/Индекс ББК 83.3(5Бол)6
100 1_ a Автор Уваров И. В.
245 10 a Заглавие Мифологизированный мир прозы Йордана Радичкова
b Продолж. заглавия (основные виды мифологизации)
504 a Библиография Библиогр. - Примеч.: с. 131 - 132
600 a Персоналии Радичков Йордан
650 a Основная рубрика история литературы
a Основная рубрика литературоведение
a Основная рубрика филологические науки
653 1_ a Ключевые слова XX век
a Ключевые слова Болгария
a Ключевые слова болгарская литература
a Ключевые слова мифологизм
a Ключевые слова наивизм
a Ключевые слова народное творчество
a Ключевые слова проза
a Ключевые слова стиль автора
a Ключевые слова фольклор
773 08 t Заглавие источника Вестник Московского университета. Серия 9, Филология
d Дата издания источника 2007
g Прочая информация № 5. - С. 123 - 132
w Контрольный № источника RU/IS/BASE/261756274
901 t Тип документа b